[Event "Regionalliga SW 1011"]
[Site "Bayern"]
[Date "2010.12.12"]
[Round "4.8"]
[White "Martin, Heinz"]
[Black "Niedergesaess, Herbert"]
[Result "0-1"]
[WhiteElo "1790"]
[BlackElo "1871"]
[PlyCount "62"]
[EventDate "2010.10.10"]
[EventType "team-tourn"]
[EventRounds "9"]
[EventCountry "GER"]
[SourceTitle "EXT 2012"]
[Source "ChessBase"]
[SourceDate "2011.11.24"]
[SourceVersion "1"]
[SourceVersionDate "2011.11.24"]
[SourceQuality "1"]
[WhiteTeam "Sonthofen"]
[BlackTeam "Haar"]
[WhiteTeamCountry "GER"]
[BlackTeamCountry "GER"]

1. e4 e5 2. d4 exd4 3. c3 d5 4. e5 dxc3 5. Nxc3 c6 6. Nf3 Bc5 7. Bd3 Ne7 8. 0-0 Bf5 9. Bg5 Bxd3 10. Qxd3 Nd7 11. Na4 h6 12. Bh4 0-0 13. e6 fxe6 14. Nxc5 Nxc5 15. Qe3 Nf5 16. Bxd8 Nxe3 17. Be7 Nxf1 18. Rxf1 Nd7 19. Bxf8 Kxf8 20. Re1 Re8 21. Ne5 Nxe5 22. Rxe5 Ke7 23. f4 Kd6 24. Kf2 Rf8 25. Kf3 Rf5 26. Re2 e5 27. g3 exf4 28. g4 Re5 29. Rd2 g5 30. b4 Re4 31. Rb2 Re3+ 0-1

[Event "GER-ch Teachers"]
[Site "Friedrichroda"]
[Date "2007.08.11"]
[Round "6.9"]
[White "Martin, Heinz"]
[Black "Forster, Manfred"]
[Result "0-1"]
[WhiteElo "1854"]
[BlackElo "1782"]
[PlyCount "114"]
[EventDate "2007.08.08"]
[EventType "swiss"]
[EventRounds "7"]
[EventCountry "GER"]
[SourceTitle "CBM 120 Extra"]
[Source "ChessBase"]
[SourceDate "2007.11.01"]
[SourceVersion "1"]
[SourceVersionDate "2007.11.01"]
[SourceQuality "1"]

1. e4 e5 2. d4 exd4 3. c3 d5 4. Qxd4 Be6 5. Nf3 c5 6. Bb5+ Nc6 7. Qa4 Qb6 8. Ne5 Rc8 9. 0-0 a6 10. Bxc6+ bxc6 11. exd5 Bxd5 12. Re1 Be6 13. Nd2 Qb5 14. Qf4 Nf6 15. Ndc4 Be7 16. Qe3 0-0 17. Bd2 Bxc4 18. a4 Nd5 19. Qe4 Qb8 20. Nxc4 Rfe8 21. Qf3 Qb3 22. Ne5 Bf6 23. Nxc6 Nc7 24. Bf4 Ne6 25. Na5 Qxb2 26. Nc4 Qxc3 27. Nd6 Qxf3 28. gxf3 Nxf4 29. Nxe8 Bxa1 30. Nd6 Rd8 31. Nb7 Rb8 32. Nxc5 Bc3 33. Rd1 a5 34. Nd7 Rd8 35. h4 Bd4 36. Rb1 Ne6 37. Nb8 g6 38. Nc6 Ra8 39. Rb5 Bc3 40. Kh2 Nd4 41. Ne7+ Kf8 42. Rb7 Nxf3+ 43. Kg3 Nd4 44. Nd5 Be1 45. Kg2 Rd8 46. Nf6 Kg7 47. Ng4 Bb4 48. Ne5 Rf8 49. Nd7 Re8 50. Nb6 Re7 51. Rb8 Nf5 52. Kh3 Re4 53. Nd5 Bd6 54. Rb5 Rxh4+ 55. Kg2 Rxa4 56. Nc3 Rc4 57. Nd5 Rc5 0-1

[Event "GER-ch Teachers"]
[Site "Friedrichroda"]
[Date "2007.08.09"]
[Round "3.8"]
[White "Fruestueck, Cord"]
[Black "Martin, Heinz"]
[Result "1-0"]
[WhiteElo "2086"]
[BlackElo "1854"]
[PlyCount "101"]
[EventDate "2007.08.08"]
[EventType "swiss"]
[EventRounds "7"]
[EventCountry "GER"]
[SourceTitle "CBM 120 Extra"]
[Source "ChessBase"]
[SourceDate "2007.11.01"]
[SourceVersion "1"]
[SourceVersionDate "2007.11.01"]
[SourceQuality "1"]

1. d4 Nf6 2. Bg5 e6 3. e4 Be7 4. Bd3 d5 5. Bxf6 Bxf6 6. e5 Be7 7. Nc3 c5 8. dxc5 Bxc5 9. Nf3 Nc6 10. Qd2 Bb4 11. a3 Qa5 12. 0-0 Bxc3 13. bxc3 Ne7 14. Qg5 Ng6 15. h4 Qd8 16. Bb5+ Bd7 17. Bxd7+ Kxd7 18. Qg4 Qc7 19. Rfd1 Ke8 20. Rab1 b6 21. Qa4+ Kf8 22. c4 Nf4 23. cxd5 Ne2+ 24. Kh1 Nc3 25. d6 Qxd6 26. exd6 Nxa4 27. Rb4 Nc5 28. Ne5 Rd8 29. a4 f6 30. Nc6 Rd7 31. a5 Kf7 32. axb6 axb6 33. Rxb6 Ne4 34. Kg1 Rxd6 35. Rxd6 Nxd6 36. Ne5+ Ke7 37. Rxd6 Kxd6 38. Nf7+ Ke7 39. Nxh8 Kf8 40. c4 Ke7 41. Kf1 e5 42. Ke2 f5 43. Ke3 g6 44. g3 Ke8 45. Kd3 Ke7 46. c5 Ke6 47. Kc4 Kd7 48. Kd5 e4 49. Nf7 Kc7 50. Nd6 h6 51. h5 1-0

[Event "GER-ch Teachers"]
[Site "Friedrichroda"]
[Date "2007.08.08"]
[Round "1.6"]
[White "Martin, Heinz"]
[Black "Schlachetka, Werner"]
[Result "0-1"]
[WhiteElo "1854"]
[BlackElo "2154"]
[PlyCount "144"]
[EventDate "2007.08.08"]
[EventType "swiss"]
[EventRounds "7"]
[EventCountry "GER"]
[SourceTitle "CBM 120 Extra"]
[Source "ChessBase"]
[SourceDate "2007.11.01"]
[SourceVersion "1"]
[SourceVersionDate "2007.11.01"]
[SourceQuality "1"]

1. d4 Nf6 2. Bg5 e6 3. e4 Be7 4. Nc3 d5 5. Bxf6 Bxf6 6. e5 Be7 7. Qg4 g6 8. 0-0-0 Nd7 9. f4 c5 10. dxc5 Nxc5 11. h4 h5 12. Qh3 Bd7 13. g4 hxg4 14. Qxg4 Rxh4 15. Rxh4 Bxh4 16. Nf3 Be7 17. Qh3 Bc6 18. Bb5 Qd7 19. Bxc6 bxc6 20. Qh8+ Bf8 21. Ng5 0-0-0 22. Qh7 Be7 23. Nxf7 Rf8 24. Qxg6 Qe8 25. Nd6+ Bxd6 26. Qxe8+ Rxe8 27. exd6 Rf8 28. Ne2 Kd7 29. Rh1 Rf7 30. b4 Ne4 31. Rh6 Nxd6 32. Rg6 Nc4 33. c3 a6 34. Kc2 Rh7 35. Nd4 Rh2+ 36. Kc1 e5 37. fxe5 Nxe5 38. Rf6 Rxa2 39. Rf5 Nd3+ 40. Kd1 Rf2 41. Rxf2 Nxf2+ 42. Kc2 Kd6 43. Nb3 Ne4 44. Nd4 c5 45. bxc5+ Kxc5 46. Kb3 Nd2+ 47. Kc2 Nc4 48. Kb3 Nd2+ 49. Kc2 Nc4 50. Nf5 Nd6 51. Ne3 a5 52. Kb3 Nc4 53. Nf5 Nb6 54. Nd4 a4+ 55. Kc2 Nd7 56. Nf5 Nf6 57. Ne3 Ne4 58. Kb2 Nd2 59. Ka2 Ne4 60. Kb2 Nxc3 61. Nc2 Nb5 62. Ne3 d4 63. Ng4 Kb4 64. Ne5 a3+ 65. Ka1 Kb3 66. Nd3 Nd6 67. Nc1+ Kc2 68. Na2 Nc4 69. Nb4+ Kb3 70. Nd3 Ne3 71. Nc5+ Kc4 72. Ne6 d3 0-1

[Event "Regionalliga SW 0607"]
[Site "Bayern"]
[Date "2006.12.10"]
[Round "4.7"]
[White "Martin, Heinz"]
[Black "Uhlmann, Helge"]
[Result "0-1"]
[WhiteElo "1854"]
[BlackElo "2097"]
[PlyCount "92"]
[EventDate "2006.10.15"]
[EventType "team-tourn"]
[EventRounds "9"]
[EventCountry "GER"]
[SourceTitle "EXT 2008"]
[Source "ChessBase"]
[SourceDate "2007.11.25"]
[SourceVersion "1"]
[SourceVersionDate "2007.11.25"]
[SourceQuality "1"]
[WhiteTeam "Sonthofen"]
[BlackTeam "Muenchen Tarrasch II"]
[WhiteTeamCountry "GER"]
[BlackTeamCountry "GER"]

1. d4 Nf6 2. Bg5 Ne4 3. h4 Nxg5 4. hxg5 g6 5. Nf3 Bg7 6. e4 d6 7. Qd2 c5 8. c3 cxd4 9. Bb5+ Bd7 10. Bxd7+ Qxd7 11. Nxd4 Nc6 12. Na3 Nxd4 13. cxd4 Qa4 14. Nc2 Rc8 15. b3 Qc6 16. Ne3 Qxe4 17. Rd1 0-0 18. 0-0 h6 19. Rfe1 Rfe8 20. gxh6 Bxh6 21. Ng4 Bxd2 22. Rxe4 Bg5 23. Re2 e6 24. f4 Bd8 25. Kf2 f5 26. Ne3 b5 27. Kf3 Bb6 28. g4 Rc3 29. Kg2 Kf7 30. g5 a5 31. Rdd2 Rec8 32. Rd1 R8c7 33. Rdd2 Ra7 34. Re1 a4 35. b4 a3 36. Kf2 Ra4 37. Rb1 d5 38. Ke2 Bc7 39. Kf3 Bd6 40. Rh2 Bf8 41. Rh7+ Bg7 42. Ke2 Kg8 43. Kd2 Rc6 44. Rh3 Bxd4 45. Nc2 Bg7 46. Rxa3 Rxc2+ 0-1

[Event "Regionalliga SW 0506"]
[Site "Bayern"]
[Date "2005.11.27"]
[Round "3.8"]
[White "Nuber, Blasius"]
[Black "Martin, Heinz"]
[Result "1-0"]
[WhiteElo "1943"]
[BlackElo "1826"]
[PlyCount "55"]
[EventDate "2005.10.23"]
[EventType "team-tourn"]
[EventRounds "9"]
[EventCountry "GER"]
[SourceTitle "EXT 2007"]
[Source "ChessBase"]
[SourceDate "2006.11.23"]
[SourceVersion "1"]
[SourceVersionDate "2006.11.23"]
[SourceQuality "1"]

1. e4 d5 2. exd5 e6 3. dxe6 Bxe6 4. Nf3 Bc5 5. d4 Bb6 6. c4 Qe7 7. Be3 Nf6 8. Bd3 Bg4 9. 0-0 Nc6 10. c5 Bxc5 11. dxc5 0-0-0 12. h3 Ne5 13. hxg4 Nxd3 14. Qa4 c6 15. Nc3 Kb8 16. Bf4+ Ka8 17. Bd6 Qd7 18. Qc4 Nxb2 19. Qe2 Qxg4 20. Qxb2 h5 21. Rab1 b6 22. Bc7 Nd5 23. cxb6 Nxb6 24. Bxb6 Rb8 25. Qa3 Rb7 26. Bc5 Rh6 27. Rxb7 Kxb7 28. Rb1+ 1-0

[Event "Regionalliga SW 0405"]
[Site "Bayern"]
[Date "2004.12.12"]
[Round "4.8"]
[White "Schoenbauer, Max"]
[Black "Martin, Heinz"]
[Result "0-1"]
[WhiteElo "1998"]
[BlackElo "1801"]
[PlyCount "152"]
[EventDate "2004.10.24"]
[EventType "team-tourn"]
[EventRounds "9"]
[EventCountry "GER"]
[SourceTitle "EXT 2007"]
[Source "ChessBase"]
[SourceDate "2006.11.23"]
[SourceVersion "1"]
[SourceVersionDate "2006.11.23"]
[SourceQuality "1"]
[WhiteTeam "Muenchen Tarrasch II"]
[BlackTeam "Sonthofen"]
[WhiteTeamCountry "GER"]
[BlackTeamCountry "GER"]

1. c4 c5 2. Nc3 Nf6 3. g3 e6 4. Bg2 Be7 5. e4 Nc6 6. Nge2 d6 7. 0-0 Nd4 8. Nxd4 cxd4 9. Ne2 e5 10. d3 0-0 11. Bd2 a5 12. a3 a4 13. b4 b5 14. Rc1 Be6 15. Bg5 Nd7 16. Bxe7 Qxe7 17. cxb5 Nf6 18. Rc6 Bd7 19. Rc7 Rfb8 20. Qc2 Rxb5 21. Bh3 Qd8 22. Bxd7 Nxd7 23. Qc6 Nf6 24. Qxb5 Qxc7 25. Rc1 Qd8 26. Qc6 h5 27. Kg2 h4 28. Ng1 hxg3 29. hxg3 Ng4 30. Nf3 g6 31. Qb7 Rb8 32. Qc7 Qf8 33. Ng5 Re8 34. Qd7 Nf6 35. Qh3 Kg7 36. b5 d5 37. Rc6 Nh5 38. exd5 Qxa3 39. Rc7 Re7 40. b6 Qb4 41. Ne6+ Kg8 42. Nc5 Re8 43. Qd7 Rf8 44. Nxa4 Qd2 45. Nc5 Nxg3 46. Nb3 Qxd3 47. Nc1 Qf1+ 48. Kxg3 Qg1+ 49. Kf3 Qh1+ 50. Ke2 Qe4+ 51. Kd1 Qf3+ 52. Ke1 Qe4+ 53. Kd2 Qf4+ 54. Kc2 Qxf2+ 55. Kb1 d3 56. Nxd3 Qxb6+ 57. Kc2 e4 58. Nc5 Qa5 59. Nxe4 Qa2+ 60. Kc3 Qa1+ 61. Kd3 Qd1+ 62. Kc4 Qe2+ 63. Kd4 Qd1+ 64. Kc4 Qe2+ 65. Kd4 Qd1+ 66. Ke5 Qh5+ 67. Kd6 Qh2+ 68. Kc6 Qc2+ 69. Nc5 Kg7 70. Qe7 Qc4 71. Kd6 Qf4+ 72. Kd7 Kg8 73. d6 Qf5+ 74. Kc6 Qf3+ 75. Qe4 Qf6 76. Qd5 Qd8 0-1

[Event "Regionalliga SW 0001"]
[Site "Bayern"]
[Date "2001.04.29"]
[Round "9"]
[White "Mauss, Ernst"]
[Black "Martin, Heinz"]
[Result "1/2-1/2"]
[WhiteElo "1730"]
[BlackElo "1825"]
[PlyCount "82"]
[EventDate "2000.10.15"]
[EventType "team-tourn"]
[EventRounds "9"]
[EventCountry "GER"]
[SourceTitle "EXT 2020"]
[Source "ChessBase"]
[SourceDate "2019.10.17"]
[SourceVersion "1"]
[SourceVersionDate "2019.10.17"]
[SourceQuality "1"]
[WhiteTeam "Augsburg SG 1873"]
[BlackTeam "Sonthofen"]
[WhiteTeamCountry "GER"]
[BlackTeamCountry "GER"]

1. e4 d5 2. exd5 Qxd5 3. Nc3 Qa5 4. d4 c6 5. Bc4 Bf5 6. Nf3 e6 7. 0-0 Nf6 8. Bd2 Bb4 9. Re1 0-0 10. a3 Bxc3 11. Bxc3 Qc7 12. Bd2 Nbd7 13. Bg5 Ne4 14. Bh4 Qf4 15. Bd3 Ndf6 16. Qe2 g5 17. Bg3 Nxg3 18. hxg3 Qg4 19. Rad1 Bxd3 20. Qxd3 Rad8 21. Qe3 h6 22. Ne5 Qf5 23. c3 Nd7 24. Nd3 Kg7 25. f4 g4 26. Nf2 Nb6 27. Qe2 h5 28. Ne4 Rh8 29. Qf2 Nd5 30. Nc5 b6 31. Re5 Qh7 32. Ne4 f6 33. Rxe6 Rde8 34. Rxe8 Rxe8 35. Nd6 Re6 36. Nc4 Qe4 37. Kf1 b5 38. f5 Re7 39. Nd6 Ne3+ 40. Ke2 Qc2+ 41. Rd2 Nc4+ 1/2-1/2

[Event "Regionalliga SW 0001"]
[Site "Bayern"]
[Date "2000.10.15"]
[Round "1.6"]
[White "Martin, Heinz"]
[Black "Kowarsch, Heinrich"]
[Result "1/2-1/2"]
[WhiteElo "1825"]
[BlackElo "1945"]
[PlyCount "86"]
[EventDate "2000.10.15"]
[EventType "team-tourn"]
[EventRounds "9"]
[EventCountry "GER"]
[SourceTitle "EXT 2020"]
[Source "ChessBase"]
[SourceDate "2019.10.17"]
[SourceVersion "1"]
[SourceVersionDate "2019.10.17"]
[SourceQuality "1"]
[WhiteTeam "Sonthofen"]
[BlackTeam "Tuerkheim/Bad Woerishofen"]
[WhiteTeamCountry "GER"]
[BlackTeamCountry "GER"]

1. d4 Nf6 2. Bg5 d5 3. Bxf6 exf6 4. e3 c6 5. c4 Be6 6. cxd5 Bxd5 7. Nc3 Bb4 8. Nge2 Bc4 9. Nf4 Bxf1 10. Kxf1 Bd6 11. Qg4 g6 12. Rd1 f5 13. Qf3 0-0 14. h4 h5 15. Nxh5 Bb4 16. Ng3 Qa5 17. Nce2 Kg7 18. h5 Rh8 19. e4 fxe4 20. Qxe4 Nd7 21. hxg6 Rxh1+ 22. Nxh1 Nf6 23. Qe5 fxg6 24. a3 Qa4 25. Qc7+ Kh6 26. Qf4+ Kg7 27. Qc7+ Kh6 28. Rd3 Bf8 29. Rh3+ Nh5 30. Qf4+ Kg7 31. Qe5+ Kg8 32. Qe6+ Kg7 33. g4 Qd1+ 34. Kg2 Qxe2 35. Qxe2 Nf4+ 36. Kf3 Nxe2 37. Kxe2 Rd8 38. Rd3 Bd6 39. f3 Bf4 40. Nf2 Bc1 41. b4 Bb2 42. Ke3 Bc1+ 43. Ke2 Bb2 1/2-1/2